000 00921nam a22002417a 4500
005 20180313111937.0
010 _aBAC-CH25
020 _a9788123017648
_c120.00
035 _aB-548800-835
035 _aG-003162
035 _aB-663839
037 _adpl
_bBook Well /Ven
082 _a860.92
100 _aRoy, Kshitis
245 _aRabindranath Tagore :
_ba life story /
_cby Kshitis Roy
260 _aNew Delhi
_bPublications Division
_c2012
270 _aSoochna Bhawan, CGO Complex, Lodhi Road
_bNew Delhi
_e110003
300 _a91p.:
_bill.
_c23cm(pbk)
942 _2ddc
_cCH
_mROY
_h860.92
999 _c86880
_d86880